Kémia kiegészítő tananyag a gimnázium 1. osztálya számára : a kémiai folyamatok alapjai és törvényszerűségei

Podrobná bibliografia
Hlavní autori: Silný, Peter (Autor), Prokša, Miroslav, 1954- (Autor)
Ďalší autori: Tuba, Ildikó (Prekladateľ)
Médium: Kniha
Jazyk:maďarčina
Fyzický popis:79 s. sch., lit. 20 cm
Vydavateľské údaje: Bratislava Slovenské pedagogické nakladateľstvo 1994
ISBN:8008021829
Vydanie:1. kiadás
Predmet:

MARC

LEADER 00000cam a2200000 a 4500
001 vtls001075847
003 SK-MaSNL
005 20260304131533.0
008 251031s1994 xo 00000 hun
015 |a SNBA1994/08 
020 |a 8008021829 
035 |a SNK000018680 
040 |a SNK  |b slo  |c SNK  |e AACR2 
041 1 |a hun  |h [slo] 
044 |a xo  |c SK 
072 7 |a 54  |x Chémia. Mineralogické vedy  |2 konspekt 
072 7 |a 37.016  |x Učebné osnovy. Vyučovacie predmety. Učebnice  |2 konspekt 
080 |a 54  |2 2001 
080 |a (075.3)  |2 2001 
100 1 |a Silný, Peter  |4 aut  |9 277633 
240 1 0 |a Chémia-doplnkové učebné texty pre 1. ročník gymnázií  |l Maďarsky 
245 1 0 |a Kémia  |b kiegészítő tananyag a gimnázium 1. osztálya számára : a kémiai folyamatok alapjai és törvényszerűségei  |c Peter Silný, Miroslav Prokša ; ford. Ildikó Tuba 
246 1 0 |a Chémia  |b doplnkové učebné texty pre 1. ročník gymnázií 
250 |a 1. kiadás 
260 |a Bratislava  |b Slovenské pedagogické nakladateľstvo  |c 1994 
300 |a 79 s.  |b sch., lit.  |c 20 cm 
500 |a Preložené pravdepodobne zo slovenčiny 
546 |a 14 zázn. v angl., češ. a slov. 
650 0 7 |a chémia  |2 SNKLPH  |9 749 
655 7 |a učebnice stredných škôl  |2 SNK  |9 69323 
700 1 |a Prokša, Miroslav,  |d 1954-  |4 aut  |9 375707 
700 1 |a Tuba, Ildikó  |4 trl  |9 497543 
852 |a Štátna vedecká knižnica v Banskej Bystrici 
919 |a 80-08-02182-9 
958 |a TL 
958 |a UC 
958 |a OP 
958 |a HU 
958 |a NS 
968 |a [Mag]  |b SLO  |d A mű ered. szlov. címe 
999 |c 769608  |d 771538 
952 |t P60, <04>, [BOOK], {604}  |a SNK  |b SNK  |y VYP  |7 0  |p 17A0243745  |o snkSC 86293 D1  |0 0  |1 0  |4 0  |d 2000-06-13  |l 0  |r 2004-12-31 00:00:00  |w 2026-02-24